Haloo Helsingin kappaleet - Statistics

Yleistilastot
  • Tätä visaa on pelattu 355 kertaa
    259 viimeisimmän päivityksen jälkeen
  • Keskiarvotulos 31 / 89
Vastaustilastot
Haloo Helsinki! % Oikein
Hulluuden highway
86%
Kiitos ei ole kirosana
82%
Maailma on tehty meitä varten
80%
Texas
79%
Haloo Helsinki!
77%
Maailman toisella puolen
76%
Beibi
71%
Reiviluola
68%
Huuda!
67%
Älä pelkää elämää
65%
Ei suomalaiset tanssi
61%
Kuussa tuulee
61%
Pulp Fiction
60%
Tulikärpäset
58%
Pelikaani
57%
Joulun kanssas jaan
55%
Rakas
53%
Jos mun pokka pettää
52%
Lady Domina
52%
Piilotan mun kyyneleet
51%
Vapaus käteen jää
50%
Kevyempi kantaa
48%
Tuntematon
48%
Vihaan kyllästynyt
44%
Kaksi ihmistä
43%
Kärpästen herra
40%
Ei Eerika pääse taivaaseen
39%
Vieri vesi vieri
39%
Go Saimaa
38%
Köpis 2012
37%
Nainen jonka ympärille tuolit tuodaan
35%
Perjantaina
35%
Foliohattukauppias
34%
Oh No Let’s Go
34%
Kuule minua
33%
Seitsemän miljardii
33%
Saatanan zen
32%
Carpe diem
31%
Kukkameri
31%
Linnanmäki palaa
31%
Älä länkytä
30%
Avautumisraita
29%
Hei Haloo
29%
Kokeile minua
29%
Ihmisen kuvat
28%
Parempaan päin
28%
Tahdon
28%
Teräslinnut
28%
Jos elämä ois helppoo
27%
Rakkaus
27%
Taivaanlaiva
27%
Eerika
26%
Farssi
26%
Laula lujempaa
26%
Heikkoon valoon
25%
Yhdessä ihminen
25%
Halleluja
24%
Kerran kuussa
24%
Lähtövalmiina
24%
Rakasta mua nyt
24%
Syvälle silmiin
24%
Yksinäiset
24%
Sinisissä valoissa
23%
Tää rakkaus ei lopu koskaan
23%
Mannerheimintie
22%
Hetki on kaunis
21%
Hyvää matkaa
21%
Terveisin mä
21%
Lehdet kellastuu
20%
Silmät kii
20%
Onneton blondi
19%
Teidän lapset
19%
Mun sydän sanoo niin
18%
Juoskaa
17%
Moshpit
17%
Sairastun sinuun
17%
Toiset lähtee, toiset jää
17%
Yksi ilta unohdusta
17%
Hukatut miljoonat
16%
Mua ei oo
16%
Elävät ja kuolleet
15%
Miltä nyt tuntuu
15%
Valherakkaus
15%
Viimeinen maalissa
15%
Rakkauden jälkeen
14%
Sun kanssas pakenen
14%
Ihan sattumaa
13%
Kaaos ei karkaa
13%
Melkein sekaisin
13%
Ehtoja vastaavia visoja ei löytynyt
Tulosjakauma
Jokaisen tuloksen saaneiden osuus
Persentiili vastausten määrän mukaan
Tuloshistoriasi
Et ole pelannut tätä visaa sen viimeisimmän päivityksen jälkeen